|
|
|
|
| LEADER |
00000nam0a2200000 4500 |
| 001 |
180798 |
| 005 |
20231101223556.0 |
| 035 |
|
|
|a (RuTPU)RU\TPU\book\196000
|
| 090 |
|
|
|a 180798
|
| 100 |
|
|
|a 20100526d2009 m y0rusy50 ca
|
| 101 |
0 |
|
|a rus
|
| 102 |
|
|
|a RU
|
| 105 |
|
|
|a a j 001zy
|
| 200 |
1 |
|
|a Антикризисное управление
|e учебное пособие
|f Российская академия государственной службы при Президенте Российской Федерации (РАГС) ; под ред. В. И. Кушлина, А. М. Марголина
|
| 205 |
|
|
|a 2-е изд., стер.
|
| 210 |
|
|
|a Москва
|c РАГС
|d 2009
|
| 215 |
|
|
|a 292 с.
|c ил.
|
| 320 |
|
|
|a Библиогр.: с. 287-291.
|
| 330 |
|
|
|a Учебное пособие является неотъемлемой частью программно-методологического обеспечения подготовки государственных служащих по соответствующей специальности. В нем освещаются вопросы теории и практики антикризисного управления с учетом зарубежного опыта, используемого в России. Для государственных служащих, изучающих проблемы управления в условиях реформируемой экономики.
|
| 606 |
1 |
|
|a Антикризисное управление
|2 stltpush
|3 (RuTPU)RU\TPU\subj\29215
|9 52599
|
| 610 |
1 |
|
|a управление
|
| 610 |
1 |
|
|a антикризисный менеджмент
|
| 610 |
1 |
|
|a экономическая стратегия
|
| 610 |
1 |
|
|a государственное регулирование
|
| 610 |
1 |
|
|a зарубежный опыт
|
| 610 |
1 |
|
|a арбитражное управление
|
| 610 |
1 |
|
|a арбитражные управляющие
|
| 610 |
1 |
|
|a конкурсное производство
|
| 610 |
1 |
|
|a внешнее управление
|
| 610 |
1 |
|
|a мировое соглашение
|
| 610 |
1 |
|
|a страхование ответственности
|
| 610 |
1 |
|
|a учебные пособия
|
| 686 |
|
|
|a У9(2)212я73
|v LBC/SL-A
|2 rubbk
|
| 702 |
|
1 |
|a Кушлин
|b В. И.
|4 340
|
| 702 |
|
1 |
|a Марголин
|b А. М.
|4 340
|
| 712 |
0 |
2 |
|a Российская академия государственной службы при Президенте Российской Федерации (РАГС)
|c (Москва)
|2 stltpush
|3 (RuTPU)RU\TPU\col\921
|
| 801 |
|
1 |
|a RU
|b 63413507
|c 20100526
|
| 801 |
|
2 |
|a RU
|b 63413507
|c 20171110
|g RCR
|
| 942 |
|
|
|c BK
|
| 959 |
|
|
|a 33/20100524
|d 2
|e 245,10
|f АНЛ:1
|f ЧЗГЛ:1
|